Statistics for Persona 3 Social Link Quiz

Click here to take the quiz!

General Stats

  • This quiz has been taken 75 times
  • The average score is 10 of 22

Answer Stats

#ArcanaSocial Link% Correct
0FoolSEES
91%
IIPriestessFuuka Yamagishi
72%
IIIEmpressMitsuru Kirijo
72%
VILoversYukari Takeba
70%
XXAeonAigis
61%
XIIIDeathMysterious Boy
52%
IMagicianClassmate
50%
VIIChariotKendo / Swim / Track
48%
VHierophantOld Couple
48%
IVEmperorStudent Council
46%
VIIIJusticeTreasurer
46%
IXHermitOnline Game
43%
XIVTemperanceTransfer Student
39%
XFortuneArt / Music / Photography
37%
XIStrengthTeam Manager
33%
XIXSunDying Young Man
30%
XVIIIMoonGourmet King
30%
XVITowerUnusual Monk
30%
XIIHanged ManGirl at the Shrine
26%
XXJudgementNyx Annihilation Team
24%
XVIIStarRival Athlete
22%
XVDevilBuisnessman
20%

Score Distribution

Percentile by Number Answered

Percent of People with Each Score

Your Score History

You have not taken this quiz